Projective and analytical geometry /

Guardado en:
Autor Principal: Todd, J. A.
Formato: Libro
Idioma:English
Publicado: London : Isaac Pitman, 1954.
Edición:Rev. ed.
Etiquetas: Agregar Etiqueta
Sin Etiquetas, Sea el primero en etiquetar este registro!
LEADER 00442nam a22001575a 4500
001 MAT.inmabb000767
008 031119s1954####enk###########001#0#eng#d
005 20170804151623.0
245 1 0 |a Projective and analytical geometry /  |c by J.A. Todd. 
250 |a Rev. ed. 
260 |a London :  |b Isaac Pitman,  |c 1954. 
300 |a x, 289 p. 
510 4 |a MR,  |c MR0024624 
100 1 |a Todd, J. A. 
084 |a 51-XX  |2 msc2000 
859 |h 51  |i T633  |p A-577  |b BIB. MATEMATICA